000 00863nam a2200265 a 4500
001 000026116
005 20200930024321.0
008 110301s1970 sp a r 000 0 spa d
040 _aDO-SdBNP
_bspa
_cBNPHU
041 1 7 _aspa
_hfre
_2Código de idioma MARC
082 _a612.391
_bC399h
100 1 _aCépède, Michel
_953066
240 1 0 _aLa faim.
_lEspañol:
245 1 0 _aEl hambre /
_cMichel Cépède y Hugues Gounelle ; traducción José Luis Ruiz Castillo.
260 _aBarcelona, (España) :
_bOikos-Tau,
_c1970.
300 _a123, [4] p. :
_bil. ;
_c18 cm.
490 1 _aQue se? ;
_v14
504 _aIncluye bibliografía (p. [125])
534 _aTítulo original:
_tLa faim.
650 4 _aHambre
_953067
700 1 _aGounelle, Hugues
_953068
700 1 _aRuiz Castillo, José Luis
_etr.
_953069
830 0 _aQue se? ;
_v14
_927270
049 _aBNGR
999 _c25608
_d25608